000 00887nji a22002297a 4500
005 20100908114327.0
006 a|||||r|||||00| 0
007 sd ammalaaahaa
008 100830t xxu||||| |||| 00| 0 eng d
028 _aDB.4984
_bColumbia
035 _aGR-01366
040 _aSED
_cSED
100 _917455
_aMarvin-Welch
245 _aSummer holiday /
_cby Marvin-Welch; sung by The Shadows
_h[sound recording] :
260 _aDum Dum, India
_bColumbia
300 _a1 sound disc [Gramophone Recording]:
_banalog, 33 1/3 rpm
_c9.5 in. (MP)
_fGramophone Record
500 _aBrief Record
505 _aSide-1 (Foot Tapper) (Summer holiday) (The Shadows) Side-2 (The breeze and i) (The Shadows)
650 _aClassical music
_zIndia
_91186
_xExcerpts
942 _2ddc
_cGR
999 _c44414
_d44414